| 000 | 00525nam a22001457a 4500 | ||
|---|---|---|---|
| 020 | _a1-85051-087-3 | ||
| 082 |
_a001 _bPRI/F |
||
| 100 | _aPRICHARD, MICHAEL | ||
| 245 | _aLET'S GO FISHING | ||
| 260 |
_aGREAT BRITAIN _bOCTOPUS BOOKS LIMITED _c1990 |
||
| 300 | _a45 | ||
| 520 | _aTHIS INFORMATIVE BOOK PROVIDES AN INTRODUCTION TO ALL ASPECTS OF FRESH WATER FISHING. FILLED WITH COLOUR ILLUSTRATIONS AND DIAGRAMS, IT IS AN IDEAL BEGINNERS GUIDE TO THE ART OF ANGLING. | ||
| 650 |
_aFISH AND FISHING _zGREAT BRITAIN |
||
| 942 | _cBK | ||
| 999 |
_c1923 _d1923 |
||